000 00313nam a22001337a 4500
008 181020b xxu||||| |||| 00| 0 eng d
020 _a0443080275
041 _aeng
080 _a616-053.2
100 _a8
101 _aORT
245 _aA Primer of Orthopaedics Biomechanics
_cCochran, G.V.B
942 _2udc
_cBK
999 _c50312
_d50312